000 00363nam a2200145Ia 4500
008 230917s9999||||xx |||||||||||||| ||und||
040 _e3893
_aMAIN
041 _aEnglish
082 _a320.947 U1N
100 _aUlam, Adam B
245 0 _aNew face of Soviet totalitarianism
260 _aNew York
_bFrederick A Praeger
_c1963
300 _a233 p.
942 _cBK
999 _c180426
_d180426